| 000 | 01228nam a22003377a 4500 | ||
|---|---|---|---|
| 003 | CHAP | ||
| 005 | 20220817042310.0 | ||
| 008 | 971013s1979 r 00010 d | ||
| 010 | _a40056 | ||
| 011 | _a41028 | ||
| 035 | _a45154 | ||
| 040 | _cCHAP | ||
| 082 |
_a633.5 _bM67 |
||
| 100 | 0 | 0 |
_aMorales Guzmán, Néstor. _978291 |
| 245 | _aEstudio preliminar técnico, financiero y social para el establecimiento de unidades ganaderas en el Altiplano, aprovechando el maguey y los esquilmos agrícolas de la región como forraje | ||
| 260 |
_a(s.l.) : _bPatronato del Maguey, _c1979 |
||
| 300 |
_a82 h. _b; anexo |
||
| 490 |
_aEstudios y proyectos _v; 15 |
||
| 590 |
_aBATCH-UPD _b10 _c20130110 _lUCH01 _h0159 |
||
| 590 |
_aBATCH-UPD _b10 _c20130110 _lUCH01 _h1657 |
||
| 590 |
_aBATCH-UPD _b10 _c20130410 _lUCH01 _h1046 |
||
| 590 |
_aBATCH-UPD _b10 _c20130913 _lUCH01 _h2023 |
||
| 590 |
_aCONVERSION _b10 _c20130109 _lUCH01 _h1322 |
||
| 650 | 1 | 4 | _aAgave como forraje. |
| 650 | 1 | 4 |
_aProductos agrícolas _xSubproductos. _992033 |
| 700 | 0 |
_aBautista Hurtado, Manuel. _910924 |
|
| 830 | 0 |
_aEstudios y proyectos _v; 15 _938569 |
|
| 901 | _aBK | ||
| 942 | _cLIBRO | ||
| 949 |
_a633.5 M67 _bBC _cLIBRO _d33724000218558 _eLIBRO _h60736 _i45154 _si |
||
| 999 |
_c40056 _d40056 |
||